Tim Horton's Donut Menu Quiz - Statistics

General Stats
  • This quiz has been taken 34 times
  • The average score is 5 of 38
Answer Stats
Answer % Correct
Boston Cream
77%
Apple Fritter
57%
Chocolate Dip
50%
Chocolate Glazed
47%
Honey Dip
47%
Honey Cruller
37%
Maple Dip
37%
Sour Cream Glazed
33%
Vanilla Dip
33%
Double Chocolate
23%
Strawberry Filled
23%
Old Fashioned Plain
13%
Canadian Maple
10%
Old Fashioned Glazed
10%
Blueberry Fritter
7%
Chocolate Éclair
7%
Strawberry Dip
7%
Chocolate Toasted Coconut
3%
Coconut Cream
3%
Long John
3%
Old Fashioned Dip
3%
Sour Cream Plain
3%
Toasted Coconut
3%
Caramel Brownie Filled Ring Dream
0%
Chocolate Cruller
0%
Chocolate Marble
0%
Chocolate Snow
0%
Lemon Ring
0%
Maple Cruller
0%
Maple Éclair
0%
Maple Swirl
0%
Old Fashioned Snow
0%
Old Fashioned Sugar
0%
Powdered Venetian Cream
0%
Sour Cream Sugar
0%
Strawberry Swirl
0%
Strawberry Vanilla
0%
Sugar Loop Donut
0%
No matching quizzes found
Score Distribution
Percent of People with Each Score
Percentile by Number Answered
Your Score History
You have not taken this quiz